书目信息 |
| 题名: |
数理哲学导论
|
|
| 作者: | 罗素 ;晏成博 译 | |
| 分册: | ||
| 出版信息: | 北京 商务印书馆 1982.06 |
|
| 页数: | 196页 | |
| 开本: | 20cm | |
| 丛书名: | ||
| 单 册: | ||
| 中图分类: | B561.54 | |
| 科图分类: | ||
| 主题词: | 哲学--欧洲 | |
| 电子资源: | ||
| ISBN: | ||
| 000 | 00581nam0 2200217 45 | |
| 001 | 0181023788 | |
| 005 | 20051108170903.06 | |
| 010 | @dCNY0.83 | |
| 091 | @a2017.283 | |
| 100 | @a20810111d km y0chiy0120 ea | |
| 101 | 0 | @achi |
| 105 | @aa z 000yy | |
| 200 | 1 | @a数理哲学导论@ASHU LI ZHE XUE DAO LUN@f(英)罗素@F( YING) LUO SU@g晏成博译 |
| 210 | @a北京@c商务印书馆@d1982.06 | |
| 215 | @a196页@c插图:图表@d20cm | |
| 606 | 0 | @a哲学@x欧洲 |
| 690 | @aB561.54@v3 | |
| 701 | 0 | @a罗素 |
| 702 | 0 | @a晏成博@4译 |
| 801 | @aCN@bTSTC@c20051108 | |
| 905 | @b228490-493@dB561.54@e15@f4 | |
| 数理哲学导论/(英)罗素/晏成博译.-北京:商务印书馆,1982.06 |
| 196页:插图:图表;20cm |
| ISBN :CNY0.83 |
| ● |
| 相关链接 |
|
|
|
|
正题名:数理哲学导论
索取号:B561.54/15
 
预约/预借
| 序号 | 登录号 | 条形码 | 馆藏地/架位号 | 状态 | 备注 |
| 1 | 0228490 | 001821899 | 密集书库/ [索取号:B561.54/15] | 在馆 | |
| 2 | 0228491 | 001821906 | 密集书库/ [索取号:B561.54/15] | 在馆 | |
| 3 | 0228492 | 001821915 | 密集书库/ [索取号:B561.54/15] | 在馆 | |
| 4 | 0228493 | 001821924 | 密集书库/ [索取号:B561.54/15] | 在馆 | |
| 5 | 0228494 | 202141743 | 密集书库/ [索取号:B561.54/15] | 在馆 |